000 00589nam a2200241Ia 4500
003 OSt
005 20221005132229.0
006 a|||||r|||| 00| 0
007 ta
008 221004b |||||||| |||| 00| 0 tam d
024 _a48864
037 _cTextual
040 _aCRL
_cCRL
_btam
041 _2tam
_atam
082 _aO31,1NVAI1x, M5
100 _aVaidyanathan
_9640768
245 0 _aTheiva gitangal
260 _c1985
300 _a96
_ccm.
650 _aTAMIL POETRY
942 _hO31,1NVAI1x, M5
_cTEXL
_2cc
999 _c1062956
_d1062956